000 01850cam a2200361 a 4500
003 EG-GiCUC
005 20250223030154.0
008 100118s2009 ua h f m 000 0 eng d
040 _aEG-GiCUC
_beng
_cEG-GiCUC
041 0 _aeng
049 _aDeposite
097 _aM.Sc
099 _aCai01.12.05.M.Sc.2009.Ba.E
100 0 _aBassant Mohammed Ibrahim Hashem
245 1 0 _aEffect of radiation on antimycotic activity of some drugs and natural products on candida albicans /
_cBassant Mohammed Ibrahim Hashem ; Supervised Tarek A. A. Moussa , Samir Mostafa Abdelaziz , Thoraya Mohamed Abdelhamid
246 1 5 _aتأثير الأشعاع على النشاط التضاد فطرى لبعض الأدوية والمستحضرات الطبيعية على كانديدا البيكانس
260 _aCairo :
_bBassant Mohammed Ibrahim Hashem ,
_c2009
300 _a136Leaves :
_bfacsimiles ;
_c30cm
502 _aThesis (M.Sc.D) - Cairo University - Faculty of Science - Department of Botany - Microbiology
520 _aA total of 133 clinical specimen were collected from 108 patients subjected to chemotherapy and 17 patients subjected to radiotherapy . 81 Tongue specimens (77 from chemotherapy and 4 from radiotherapy with ratio 66.4% , 23.5% respectively ) 11 Buccal mucosa specimens ( 9 from chemotherapy, 2 from radiotherapy with ratio 7.8% , 11.8% respectively)
530 _aIssued also as CD
653 4 _aCandida albicans
653 4 _aDark condition
653 4 _aGamma and solar radiation
700 0 _aSamir Mostafa Abdelaziz ,
_eSupervisor
700 0 _aTarek Abdelmawgoud Abdelmoutilb Moussa ,
_eSupervisor
700 0 _aThoraya Mohamed Abdelhamid ,
_eSupervisor
856 _uhttp://172.23.153.220/th.pdf
902 _a1
905 _aFatma
_eCataloger
905 _aNazla
_eRevisor
942 _2ddc
_cTH
999 _c29122
_d29122